000 00606nam a2200193Ia 4500
003 GCL
008 140319s9999 xx 000 0 ara d
040 _aGCL /
_cGCL
082 0 4 _a220
_bم ل
100 1 _aموسى شاهين لاشين
245 1 0 _aاللائى الحسان فى علوم القران /
_cموسى شاهين لاشين
250 _aالاولى
260 _aالقاهرة :
_bدار الشروق ،
_c2002
300 _a390 ص ؛
_c24 سم
650 0 4 _aالقران - تفسير
650 0 4 _aالقران - نزول
650 0 4 _aالقران - ترتيب
942 _2ddc
_cBK
999 _c5277
_d5277